<?xml version="1.0" encoding="UTF-8"?>
<record
    xmlns:xsi="http://www.w3.org/2001/XMLSchema-instance"
    xsi:schemaLocation="http://www.loc.gov/MARC21/slim http://www.loc.gov/standards/marcxml/schema/MARC21slim.xsd"
    xmlns="http://www.loc.gov/MARC21/slim">

  <leader>02255nam a22002657a 4500</leader>
  <controlfield tag="003">BI-BuBU</controlfield>
  <controlfield tag="008">181122b        xxu||||| |||| 00| 0 fre d</controlfield>
  <datafield tag="037" ind1=" " ind2=" ">
    <subfield code="b">Don de l'auteur</subfield>
  </datafield>
  <datafield tag="039" ind1=" " ind2=" ">
    <subfield code="a">20181122091028.0</subfield>
    <subfield code="b">Marie Goretti Ndayizeye</subfield>
  </datafield>
  <datafield tag="040" ind1=" " ind2=" ">
    <subfield code="a">BI-BuBU</subfield>
    <subfield code="b">fre</subfield>
    <subfield code="c">BI-BuBU</subfield>
    <subfield code="d">BI-BuBU</subfield>
  </datafield>
  <datafield tag="041" ind1="0" ind2=" ">
    <subfield code="a">eng</subfield>
  </datafield>
  <datafield tag="080" ind1=" " ind2=" ">
    <subfield code="a">372.880.20</subfield>
  </datafield>
  <datafield tag="100" ind1="1" ind2=" ">
    <subfield code="4">aut.</subfield>
    <subfield code="a">Ndereyimana Cyriaque</subfield>
  </datafield>
  <datafield tag="245" ind1="1" ind2="0">
    <subfield code="a">Motivation of civil servants in learning english language</subfield>
    <subfield code="b">case of the study conductzd in some english clubs or centers in Bujumbura city</subfield>
    <subfield code="c">Cyriaque Ndereyimana; Ild&#xE9;phonse Horicubonye, supervisor</subfield>
  </datafield>
  <datafield tag="260" ind1=" " ind2=" ">
    <subfield code="a">Bujumbura</subfield>
    <subfield code="b">University of Burundi, Faculty of Arts and Soocial Sciences</subfield>
    <subfield code="c">2017</subfield>
  </datafield>
  <datafield tag="300" ind1=" " ind2=" ">
    <subfield code="a">VI-53 f.</subfield>
    <subfield code="c">30 cm</subfield>
  </datafield>
  <datafield tag="502" ind1=" " ind2=" ">
    <subfield code="8">A dissertation submitted in partial fulfillment of the requirements for the award of the degree " Licence en Langue Litt&#xE9;rature  Anglaises"</subfield>
  </datafield>
  <datafield tag="520" ind1=" " ind2=" ">
    <subfield code="a">The present work deals with the motivation of civil servants in learning English Language: Case of study Conducted in Some English Centers or Clubs in Bujumbura City.
This study analyses the extent to what civik servants are more motivating in English and finds out the factors which are in the root.
The study was conducted in some English clubs or centers in Bujumbura city.

It based on three research questions.The first research question investigates the extent to how English is important to Burundian civil servants.The second tesearch question deals with the extent to how English is needed for burundian civil servants career advancement. The third research question examines if English is a requirement for job opportunity.The study was carried out through questionnaire distribued to the learners of the clubs or centers understudied.

After analysis of the data,it was discovered that burundian civil servants are eager to learn more and more English language. Thus,based on the findings from the work,the purpose of promoting English language for burundian civil servants.</subfield>
  </datafield>
  <datafield tag="650" ind1=" " ind2="7">
    <subfield code="2">BI-BuBU</subfield>
    <subfield code="a">Anglais ( Langue)</subfield>
    <subfield code="x">Enseignement (centre d')</subfield>
    <subfield code="z">Bujumbura Mairie</subfield>
  </datafield>
  <datafield tag="655" ind1=" " ind2="7">
    <subfield code="2">BI-BuBU</subfield>
    <subfield code="a">M&#xE9;moire</subfield>
  </datafield>
  <datafield tag="700" ind1="1" ind2=" ">
    <subfield code="4">dir.</subfield>
    <subfield code="a">Horicubonye Ild&#xE9;phonse</subfield>
  </datafield>
  <datafield tag="710" ind1=" " ind2=" ">
    <subfield code="a">University of Burundi</subfield>
    <subfield code="b">Falculty of Arts and Social Sciences</subfield>
  </datafield>
  <datafield tag="942" ind1=" " ind2=" ">
    <subfield code="2">udc</subfield>
    <subfield code="c">MEM</subfield>
  </datafield>
  <datafield tag="999" ind1=" " ind2=" ">
    <subfield code="c">39080</subfield>
    <subfield code="d">39080</subfield>
  </datafield>
  <datafield tag="952" ind1=" " ind2=" ">
    <subfield code="0">0</subfield>
    <subfield code="1">0</subfield>
    <subfield code="2">udc</subfield>
    <subfield code="4">0</subfield>
    <subfield code="7">1</subfield>
    <subfield code="9">60318</subfield>
    <subfield code="b">BC</subfield>
    <subfield code="d">2018-11-22</subfield>
    <subfield code="e">Don de l' auteur</subfield>
    <subfield code="l">0</subfield>
    <subfield code="o">372.880.20 NDE.2017</subfield>
    <subfield code="p">5010000490881</subfield>
    <subfield code="r">2018-11-22</subfield>
    <subfield code="t">1</subfield>
    <subfield code="w">2018-11-22</subfield>
    <subfield code="y">MEM</subfield>
    <subfield code="a">BC</subfield>
  </datafield>
</record>
